Im herzen der meere (Record no. 7733)

MARC details
000 -CABECERA
campo de control de longitud fija 00812nam a2200253 a 4500
001 - NÚMERO DE CONTROL
campo de control BRCA_8065
005 - FECHA Y HORA DE LA ÚLTIMA TRANSACCIÓN
campo de control 20190320210121.0
008 - DATOS DE LONGITUD FIJA--INFORMACIÓN GENERAL
campo de control de longitud fija 010414s1966----sz-####f##---#001-0#ger-#
041 ## - CÓDIGO DE LENGUA
Código de lengua del texto/banda sonora o título independiente ger
044 ## - CÓDIGO DEL PAÍS DE LA ENTIDAD EDITORA/PRODUCTORA
Código MARC del país sz
050 #4 - SIGNATURA TOPOGRÁFICA DE LA BIBLIOTECA DEL CONGRESO
Número de clasificación PJ5053
Número de documento/Ítem .A36 1966
100 1# - ENTRADA PRINCIPAL--NOMBRE DE PERSONA
Nombre de persona Agnon, S. J.
9 (RLIN) 20038
245 10 - MENCIÓN DE TÍTULO
Título Im herzen der meere
Resto del título und andere erzählungen
Mención de responsabilidad, etc. S. J. Agnon ; ubersetzung aus dem hebräischen von Karl Steinschneider und Max Strauss ; nachwort von Tuwia Rubner.
260 ## - PUBLICACIÓN, DISTRIBUCIÓN, ETC.
Lugar de publicación, distribución, etc. Zürich
Nombre del editor, distribuidor, etc. Manesse
Fecha de publicación, distribución, etc. 1966
300 ## - DESCRIPCIÓN FÍSICA
Extensión 615 p.
Dimensiones 15 cm.
500 ## - NOTA GENERAL
Nota general Y60
650 14 - PUNTO DE ACCESO ADICIONAL DE MATERIA--TÉRMINO DE MATERIA
Término de materia o nombre geográfico como elemento de entrada Literatura y sociedad
Subdivisión geográfica Alemania
9 (RLIN) 20039
650 14 - PUNTO DE ACCESO ADICIONAL DE MATERIA--TÉRMINO DE MATERIA
Término de materia o nombre geográfico como elemento de entrada Literatura Alemana
Subdivisión de forma Narrativa
9 (RLIN) 20040
700 1# - PUNTO DE ACCESO ADICIONAL--NOMBRE DE PERSONA
Nombre de persona Steinschneider, Karl
Término indicativo de función/relación tr.
9 (RLIN) 20041
700 1# - PUNTO DE ACCESO ADICIONAL--NOMBRE DE PERSONA
Nombre de persona Strauss, Max
Término indicativo de función/relación tr.
9 (RLIN) 20042
700 1# - PUNTO DE ACCESO ADICIONAL--NOMBRE DE PERSONA
Nombre de persona Rubner, Tuwia
9 (RLIN) 20043
902 ## - CATALOGADOR
Iniciales GFM
942 ## - ELEMENTOS DE PUNTO DE ACCESO ADICIONAL (KOHA)
Fuente del sistema de clasificación o colocación Library of Congress Classification
Tipo de ítem Koha Libros
Holdings
Estado de retiro Estado de pérdida Estado dañado No para préstamo Localización permanente Ubicación/localización actual Fecha de adquisición Número de inventario Total de préstamos Signatura topográfica completa Código de barras Fecha visto por última vez Precio válido a partir de Tipo de ítem Koha
El ejemplar forma parte de la colección y puede ser consultado según las políticas vigentes.       Biblioteca del Museo Franz Mayer (Rogerio Casas-Alatriste) Biblioteca del Museo Franz Mayer (Rogerio Casas-Alatriste) 01/04/2014 Y60   PJ5053 .A36 1966 (Y60) 8689 22/03/2019 22/03/2019 Libros